Master mariner. Book I. Running proud (Record no. 33260)

MARC details
000 -LEADER
fixed length control field 00281nam a2200109Ia 4500
082 ## - DEWEY DECIMAL CLASSIFICATION NUMBER
Classification number 82-3
Item number MON
100 ## - MAIN ENTRY--AUTHOR NAME
Personal name Monsarrat, Nicholas
245 #0 - TITLE STATEMENT
Title Master mariner. Book I. Running proud
260 ## - PUBLICATION, DISTRIBUTION, ETC. (IMPRINT)
Place of publication London
Name of publisher Cassell
Year of publication 1978
942 ## - ADDED ENTRY ELEMENTS (KOHA)
Koha item type Books
Holdings
Withdrawn status Lost status Damaged status Not for loan Home library Current library Date acquired Full call number Accession Number Koha item type
        RRII Library RRII Library 16/12/2021 82-3 MON 13760 Books